00496nam a2200181 a 4500001001300000003000900013005001700022008004100039020002300080082001800103100002000121245002400141260004000165300000900205500003500214505004500249650002000294nice12345678IN_TiNIC20260116014018.0050524s2004 dela grp 000 0 eng  a0195665 c59500a294.609bSIN3 aSingh, Pashaura aSikhism and History aDelhibOxford and IBH PUB CO.c2004 a280p aincludes index and biblioraphy2 aBio-Bibliographical Notes on Contributor aSikhism-History